| 000 | 00917nam a22002655a 4500 | ||
|---|---|---|---|
| 003 | OSt | ||
| 005 | 20201124141834.0 | ||
| 008 | 170703s2009 ua a gre 000 0bara d | ||
| 017 | _a2008 / 7597 | ||
| 020 | _a9772087448 | ||
| 040 |
_aEG-ScBUE _bara _cEG-ScBUE |
||
| 082 | 0 | 4 |
_a297.63 _bح ف ن _222 |
| 100 | 1 | _aحفني، عبد المنعم. | |
| 245 | 1 | 0 |
_aموسوعة حياة محمد ( صلى الله عليه وسلم) / _cتاليف عبد المنعم الحفني. |
| 250 | _aط. 1 . | ||
| 260 |
_aالقاهرة : _bمكتبة مدبولي، _c2009. |
||
| 300 |
_a3 مج. : _c24 سم. _bإيض ؛ |
||
| 504 | _aببليوجرافية : ص. 3723-3726. | ||
| 541 | _aإهداء من ا. محمد فريد خميس. | ||
| 590 | _aWessam | ||
| 600 | 7 |
_aمحمد (صلى الله عليه وسلم)، _d53 ق. هـ-11 هـ _2BUEsh _916704 |
|
| 651 | _2BUEsh | ||
| 653 |
_bGGEN _cJuly2017 |
||
| 942 | _2ddc | ||
| 999 |
_c24966 _d24938 |
||